Statistics for Football Teams Pavel Nedvěd Played For

Click here to take the quiz!

General Stats

  • This quiz has been taken 22 times
  • The average score is 3 of 5

Answer Stats

LeagueYearsTeam% Correct
Italy2001-2009Juventus FC
100%
Italy1996-2001SS Lazio
81%
Czech Republic1992-1996AC Sparta Praha
69%
Czech Republic1990-1991FC Viktoria Plzeň
44%
Czech Republic1991-1992FK Dukla Praha
25%

Score Distribution

Percentile by Number Answered

Percent of People with Each Score

Your Score History

You have not taken this quiz